[Event "1st FIDE OWCCCC Pools-East 2021"]
[Site "Online"]
[Date "2021.02.19"]
[Round "3.22"]
[White "Yerbolat, Yerzhan"]
[Black "Lautier, Joel"]
[Result "0-1"]
[WhiteElo "1460"]
[BlackElo "2658"]
[Annotator "TA"]
[PlyCount "76"]
[EventDate "2021.02.19"]
[EventType "team-tourn"]
[EventCountry "NET"]
[SourceTitle "playchess.com"]
[Source "ChessBase"]
[SourceQuality "1"]

1. e4 c5 2. Nc3 Nc6 3. Bc4 e6 4. d3 Nf6 5. Bg5 h6 6. Bh4 Be7 7. Nf3 d6 8. Qd2 a6 9. a4 Ng4 10. Bg3 b6 11. h3 Nge5 12. Bb3 Nxf3+ 13. gxf3 Nd4 14. O-O-O Bd7 15. f4 b5 16. Kb1 Rb8 17. Ne2 Nxb3 18. cxb3 bxa4 19. Nc1 axb3 20. f5 exf5 21. exf5 Bxf5 22. Rhe1 O-O 23. Rg1 Kh7 24. Bf4 Rb4 25. Qc3 Bf6 26. Qd2 Re8 27. Rg3 Qa8 28. Rdg1 Qd5 29. Qd1 Rxf4 30. Qd2 Rf3 31. Rxf3 Qxf3 32. Rg3 Qd5 33. Qf4 c4 34. Rf3 Bg6 35. h4 Re1 36. h5 Bxd3+ 37. Rxd3 Qxd3+ 38. Ka1 Qc2 0-1

[Event "1st FIDE OWCCCC Pools-East 2021"]
[Site "Online"]
[Date "2021.02.19"]
[Round "3.23"]
[White "Yuzhakov, Oleg"]
[Black "Sartayev, Timur"]
[Result "1-0"]
[WhiteElo "2321"]
[BlackElo "1662"]
[Annotator "TA"]
[PlyCount "127"]
[EventDate "2021.02.19"]
[EventType "team-tourn"]
[EventCountry "NET"]
[SourceTitle "playchess.com"]
[Source "ChessBase"]
[SourceQuality "1"]

1. e4 c5 2. Nf3 Nc6 3. c3 e6 4. d4 cxd4 5. cxd4 d5 6. e5 Bb4+ 7. Nc3 f5 8. exf6 Nxf6 9. Bd3 O-O 10. O-O h6 11. Qe2 a6 12. a3 Bd6 13. Bc2 Re8 14. Qd3 e5 15. Qg6 Ne7 16. Qd3 e4 17. Nxe4 Nxe4 18. Qb3 Nf6 19. Ne5 Nc6 20. Nxc6 bxc6 21. Qd3 Be6 22. f3 Bf7 23. Qf5 Qd7 24. Qd3 a5 25. Bd2 Qc7 26. h3 Bg3 27. Rad1 Bf4 28. Be1 Rab8 29. b3 Re3 30. Qf5 Be6 31. Qg6 Bf7 32. Qf5 Re2 33. Qd3 Rbe8 34. Bb1 Bh2+ 35. Kh1 Bg3 36. Bd2 Bf4 37. Be1 R8e3 38. Qa6 Rxb3 39. Qxe2 Rxa3 40. Bd3 Qd8 41. Qb2 Bd6 42. Qc2 Qe7 43. Qxc6 Bc7 44. Bh4 g5 45. Bf2 Be8 46. Qc5 Bd6 47. Qb6 Bc7 48. Qa6 Nh5 49. Qxh6 Ng7 50. Rfe1 Qf7 51. Qh7+ Kf8 52. Qh8+ Qg8 53. Qh6 Qf7 54. Qxg5 Bf4 55. Qd8 Bc7 56. Qh4 Nf5 57. Bxf5 Qxf5 58. Qh8+ Kf7 59. Qxe8+ Kg7 60. Re7+ Kh6 61. Qh8+ Kg5 62. Rg7+ Kf4 63. Qh4+ Qg4 64. Qxg4# 1-0

[Event "1st FIDE OWCCCC Pools-East 2021"]
[Site "Online"]
[Date "2021.02.19"]
[Round "3.23"]
[White "Stock, Ulrich"]
[Black "Kathmale, Sameer"]
[Result "0-1"]
[WhiteElo "2032"]
[BlackElo "2330"]
[Annotator "TA"]
[PlyCount "84"]
[EventDate "2021.02.19"]
[EventType "team-tourn"]
[EventCountry "NET"]
[SourceTitle "playchess.com"]
[Source "ChessBase"]
[SourceQuality "1"]

1. d4 Nf6 2. c4 c5 3. e3 cxd4 4. exd4 d5 5. Nc3 Nc6 6. Nf3 Bg4 7. Be3 e6 8. Be2 Bb4 9. Rc1 O-O 10. O-O dxc4 11. a3 Bxc3 12. Rxc3 b5 13. b3 Nd5 14. Rc1 c3 15. Bxb5 Rc8 16. h3 Bh5 17. Be2 Nce7 18. Ne5 Bxe2 19. Qxe2 Qa5 20. Nc4 Qa6 21. Rfe1 Nf5 22. Qd1 Nd6 23. Qe2 Nxc4 24. bxc4 Qxc4 25. Qxc4 Rxc4 26. Rc2 Rb8 27. Rec1 Rb3 28. Ra1 Rb2 29. Rac1 Rb3 30. Ra1 a5 31. Kf1 a4 32. Ke2 Kf8 33. Kd3 Rc8 34. Bg5 f6 35. Be3 Ke7 36. g4 Kd7 37. f4 g6 38. h4 f5 39. gxf5 exf5 40. h5 Re8 41. Re2 c2+ 42. Kxc2 Nxe3+ 0-1

[Event "1st FIDE OWCCCC Pools-East 2021"]
[Site "Online"]
[Date "2021.02.19"]
[Round "3.23"]
[White "Ratel, Laurent"]
[Black "Amazon-Azam"]
[Result "1-0"]
[WhiteElo "2011"]
[BlackElo "1818"]
[Annotator "TA"]
[PlyCount "93"]
[EventDate "2021.02.19"]
[EventType "team-tourn"]
[EventCountry "NET"]
[SourceTitle "playchess.com"]
[Source "ChessBase"]
[SourceQuality "1"]

1. e4 c5 2. Nf3 e6 3. d4 cxd4 4. Nxd4 Nf6 5. Nd2 a6 6. a4 Nc6 7. N4b3 Qc7 8. Be2 Nb4 9. c3 Nc6 10. O-O Bd6 11. h3 b6 12. Bf3 Ne5 13. Re1 Bb7 14. Nd4 Nd3 15. Re3 Ne5 16. Re1 Ng6 17. Nf1 O-O 18. Bg5 Be5 19. Qd3 h6 20. Be3 Nh4 21. Nd2 Rac8 22. Rad1 d5 23. exd5 Nxd5 24. Qe2 Bh2+ 25. Kh1 Nxe3 26. Qxe3 Nxf3 27. N2xf3 Bf4 28. Qe2 Rfe8 29. Rd3 a5 30. Red1 Ba6 31. Nb5 Qc5 32. Rd4 Bb8 33. Rd7 Bxb5 34. axb5 Qf5 35. Rb7 Rcd8 36. Rxd8 Rxd8 37. Rxb6 Qb1+ 38. Ng1 Ba7 39. Ra6 Rd1 40. Rxa7 Rxg1+ 41. Kh2 Rh1+ 42. Kg3 Qg6+ 43. Qg4 Qd3+ 44. Qf3 Qd6+ 45. Qf4 Qd5 46. Qxf7+ Kh8 47. Qxg7# 1-0

[Event "1st FIDE OWCCCC Pools-East 2021"]
[Site "Online"]
[Date "2021.02.19"]
[Round "3.23"]
[White "Preetika, Tayal"]
[Black "Solemdal, Audun Lonset"]
[Result "0-1"]
[WhiteElo "1847"]
[BlackElo "2000"]
[Annotator "TA"]
[PlyCount "102"]
[EventDate "2021.02.19"]
[EventType "team-tourn"]
[EventCountry "NET"]
[SourceTitle "playchess.com"]
[Source "ChessBase"]
[SourceQuality "1"]

1. e4 e5 2. Nf3 Nc6 3. Bc4 Bc5 4. O-O Nf6 5. Nc3 d6 6. a3 Be6 7. Bxe6 fxe6 8. b4 Bb6 9. Ng5 Qe7 10. Na4 h6 11. Nxb6 axb6 12. Nf3 Nxe4 13. Bb2 O-O 14. d3 Ng5 15. Nxg5 Qxg5 16. Qe2 Rae8 17. b5 Nd4 18. Bxd4 exd4 19. a4 c6 20. Qe4 Qc5 21. bxc6 bxc6 22. Rfc1 d5 23. Qe5 Rf5 24. Qc7 Ref8 25. f3 R8f7 26. Qc8+ Kh7 27. Qxe6 g5 28. Qe2 Re7 29. Qd2 Rfe5 30. Re1 Re3 31. Kf2 R7e6 32. a5 bxa5 33. Rxa5 Qe7 34. Raa1 Kg6 35. Rab1 Qf6 36. c3 Rxe1 37. Rxe1 Rxe1 38. Qxe1 dxc3 39. Qc1 Qd4+ 40. Ke2 c5 41. Qc2 Kf5 42. g4+ Kf4 43. Qc1+ Ke5 44. Qc2 c4 45. dxc4 Qxc4+ 46. Kf2 Qd4+ 47. Kg3 Qf4+ 48. Kg2 Qd2+ 49. Qxd2 cxd2 50. Kg3 d1=Q 51. Kg2 Kf4 0-1

[Event "1st FIDE OWCCCC Pools-East 2021"]
[Site "Online"]
[Date "2021.02.19"]
[Round "3.23"]
[White "Tang, Michael"]
[Black "Stanic, Zoran"]
[Result "1-0"]
[WhiteElo "1719"]
[BlackElo "2131"]
[Annotator "TA"]
[PlyCount "107"]
[EventDate "2021.02.19"]
[EventType "team-tourn"]
[EventCountry "NET"]
[SourceTitle "playchess.com"]
[Source "ChessBase"]
[SourceQuality "1"]

1. d4 Nf6 2. c4 e5 3. dxe5 Ng4 4. Nf3 Bc5 5. e3 Nc6 6. Nc3 O-O 7. Be2 Re8 8. O-O Ngxe5 9. b3 a5 10. Bb2 Ra6 11. Na4 Bf8 12. c5 Nxf3+ 13. Bxf3 d6 14. Be2 Ra8 15. Rc1 d5 16. Bf3 Be6 17. Nc3 Ne7 18. Qd4 Nf5 19. Qd2 c6 20. Ne2 Qg5 21. Ng3 Nh4 22. Be2 a4 23. b4 a3 24. Ba1 Be7 25. f4 Qh6 26. Bd4 Nf5 27. Nxf5 Bxf5 28. h3 Bf6 29. Rc3 Ra4 30. Rb3 Raa8 31. Kh2 Re7 32. g4 Bxd4 33. Qxd4 Be4 34. Kg3 Bc2 35. Rc3 Re4 36. Qd2 Ba4 37. Rxa3 Rae8 38. Rf3 Bb5 39. Bxb5 cxb5 40. Qxd5 Qc6 41. Qd2 h6 42. Rd3 Kh7 43. Rd6 Qc7 44. Qd3 R8e7 45. a3 g6 46. Rd4 Rxd4 47. Qxd4 Rd7 48. Qc3 Rd1 49. Rf2 Qc6 50. Rg2 Qe6 51. f5 gxf5 52. gxf5 Qxf5 53. Kh2 Rd3 54. Qg7# 1-0

[Event "1st FIDE OWCCCC Pools-East 2021"]
[Site "Online"]
[Date "2021.02.19"]
[Round "3.24"]
[White "Dauletova, Gulmira"]
[Black "Gumerova, Aisily"]
[Result "1-0"]
[WhiteElo "2285"]
[BlackElo "1354"]
[Annotator "TA"]
[PlyCount "85"]
[EventDate "2021.02.19"]
[EventType "team-tourn"]
[EventCountry "NET"]
[SourceTitle "playchess.com"]
[Source "ChessBase"]
[SourceQuality "1"]

1. e4 e5 2. Nf3 Nc6 3. Bb5 f6 4. d4 a6 5. Bxc6 dxc6 6. dxe5 Qxd1+ 7. Kxd1 Bc5 8. Ke2 Bg4 9. Bf4 O-O-O 10. Nc3 g5 11. Bg3 f5 12. exf5 Bxf5 13. Nxg5 Nh6 14. Nce4 Rd5 15. Rad1 Ng4 16. c4 Rd4 17. Nxc5 Rxc4 18. Rc1 Rb4 19. b3 b6 20. Nd3 Re4+ 21. Nxe4 Bxe4 22. f3 Bxd3+ 23. Kxd3 Nh6 24. Rxc6 Rd8+ 25. Ke2 Nf5 26. Bf2 Kb7 27. Rhc1 Rd7 28. e6 Re7 29. g4 Nd6 30. Rxd6 cxd6 31. f4 Rxe6+ 32. Kd3 d5 33. f5 Re4 34. h3 a5 35. Bg3 Re8 36. f6 Rf8 37. Rc7+ Ka6 38. f7 b5 39. Bd6 Kb6 40. Bxf8 Kxc7 41. Bc5 Kd7 42. f8=Q Ke6 43. Qf5# 1-0

[Event "1st FIDE OWCCCC Pools-East 2021"]
[Site "Online"]
[Date "2021.02.19"]
[Round "3.24"]
[White "Meyer, Henri"]
[Black "Mititelu, Alina"]
[Result "1-0"]
[WhiteElo "2043"]
[BlackElo "1751"]
[Annotator "TA"]
[PlyCount "123"]
[EventDate "2021.02.19"]
[EventType "team-tourn"]
[EventCountry "NET"]
[SourceTitle "playchess.com"]
[Source "ChessBase"]
[SourceQuality "1"]

1. d4 d5 2. c4 dxc4 3. Qa4+ Bd7 4. Qxc4 e6 5. Nf3 Nf6 6. Nbd2 Be7 7. e3 a6 8. Qc2 O-O 9. a3 Nc6 10. Bd3 Bd6 11. Nc4 h6 12. O-O b5 13. Nxd6 cxd6 14. e4 Rc8 15. Qe2 e5 16. d5 Ne7 17. Bd2 Ng6 18. Rfe1 Qb6 19. Be3 Qd8 20. Rac1 Bg4 21. h3 Bd7 22. Rxc8 Qxc8 23. Rc1 Qb7 24. Qd2 Rc8 25. Kh2 Kf8 26. Qb4 Ke7 27. b3 Rxc1 28. Bxc1 Bc8 29. Qa5 Nd7 30. Be3 Nc5 31. Bc2 Nf8 32. Nxe5 Bd7 33. Nxd7 Nfxd7 34. Qc3 f6 35. b4 Na4 36. Bxa4 bxa4 37. f4 g6 38. Qc6 Qb5 39. Qxb5 axb5 40. g3 h5 41. Kg2 Nb8 42. Kf3 Na6 43. g4 hxg4+ 44. hxg4 Nc7 45. Bd4 Ne8 46. Kg3 Kf7 47. Kh4 Kg7 48. Bb6 Kf7 49. Bd8 Kg7 50. Kg3 Kf7 51. Kf3 Kg7 52. Ke3 Kf7 53. Kd4 Kg7 54. e5 fxe5+ 55. fxe5 dxe5+ 56. Kxe5 Kf7 57. d6 g5 58. Bxg5 Nxd6 59. Kxd6 Kg6 60. Bf4 Kf6 61. Kd5 Kg6 62. Kc5 1-0

[Event "1st FIDE OWCCCC Pools-East 2021"]
[Site "Online"]
[Date "2021.02.19"]
[Round "3.24"]
[White "Ganesan, Raja Sriram"]
[Black "Steel, Sarel"]
[Result "0-1"]
[WhiteElo "1735"]
[BlackElo "1793"]
[Annotator "NA RC"]
[PlyCount "92"]
[EventDate "2021.02.19"]
[EventType "team-tourn"]
[EventCountry "NET"]
[SourceTitle "playchess.com"]
[Source "ChessBase"]
[SourceQuality "1"]

1. e4 c5 2. Nf3 d6 3. Bc4 Nf6 4. Nc3 Nc6 5. d4 cxd4 6. Nxd4 Qb6 7. Nxc6 bxc6 8. O-O e6 9. b3 Be7 10. Bf4 e5 11. Be3 Qc7 12. f4 Ng4 13. Bc1 Qb6+ 14. Kh1 Nf2+ 15. Rxf2 Qxf2 16. fxe5 Bg4 17. Qg1 Qxg1+ 18. Kxg1 dxe5 19. Be3 O-O 20. Rf1 Bd8 21. Bc5 Bb6 22. Bxb6 axb6 23. a4 Rad8 24. Bd3 Be6 25. Ne2 Bxb3 26. cxb3 Rxd3 27. Rc1 c5 28. Rc3 Rfd8 29. Kf2 Rxc3 30. Nxc3 Rd3 31. Nd5 Rxb3 32. g4 f6 33. h4 Kf7 34. Ke2 Ke6 35. Kd2 Kd6 36. Kc2 Rg3 37. g5 fxg5 38. hxg5 Kc6 39. Ne7+ Kb7 40. Nd5 Rxg5 41. Kd3 Rg3+ 42. Kc4 h5 43. Kb5 Rb3+ 44. Kc4 Rb1 45. Ne7 h4 46. Nf5 h3 0-1

[Event "1st FIDE OWCCCC Pools-East 2021"]
[Site "Online"]
[Date "2021.02.19"]
[Round "3.24"]
[White "Hjorteland, Stian"]
[Black "Patra, Anupam"]
[Result "1-0"]
[WhiteElo "1635"]
[BlackElo "1553"]
[Annotator "NA RC"]
[PlyCount "81"]
[EventDate "2021.02.19"]
[EventType "team-tourn"]
[EventCountry "NET"]
[SourceTitle "playchess.com"]
[Source "ChessBase"]
[SourceQuality "1"]

1. e4 e5 2. Nf3 Nc6 3. Bc4 Bc5 4. O-O Nf6 5. d3 h6 6. Re1 O-O 7. h3 d6 8. c3 a5 9. a4 Ne7 10. Nbd2 Ng6 11. Nf1 Re8 12. Ng3 Be6 13. Bb3 c6 14. d4 Ba7 15. Be3 Rb8 16. d5 Bxe3 17. Rxe3 cxd5 18. exd5 Bd7 19. Bc2 Nf4 20. Nd2 N4xd5 21. Re1 b5 22. Nde4 Qb6 23. Qd3 g6 24. Bb3 Be6 25. Bc2 Nxe4 26. Nxe4 Kg7 27. Ng3 Nf6 28. Rad1 Red8 29. h4 d5 30. h5 Bf5 31. Nxf5+ gxf5 32. Rxe5 Re8 33. Rxe8 Rxe8 34. Qxf5 bxa4 35. Bxa4 Re6 36. Rd3 Qxb2 37. Rg3+ Kf8 38. Bc2 Qc1+ 39. Kh2 Qxc2 40. Qxc2 Nxh5 41. Rf3 1-0

[Event "1st FIDE OWCCCC Pools-East 2021"]
[Site "Online"]
[Date "2021.02.19"]
[Round "3.24"]
[White "Tanvi Thakur"]
[Black "Schein, Jutta"]
[Result "1-0"]
[WhiteElo "1185"]
[BlackElo "1201"]
[Annotator "NA RC"]
[PlyCount "99"]
[EventDate "2021.02.19"]
[EventType "team-tourn"]
[EventCountry "NET"]
[SourceTitle "playchess.com"]
[Source "ChessBase"]
[SourceQuality "1"]

1. e4 e5 2. Nf3 Bc5 3. Nxe5 Bxf2+ 4. Kxf2 Qh4+ 5. g3 Qxe4 6. Nf3 Ne7 7. Bg2 Nbc6 8. Re1 Qf5 9. d3 O-O 10. Nc3 a6 11. Kg1 h6 12. Bf4 d6 13. Nh4 Qc5+ 14. Be3 Nd4 15. Nf3 Nec6 16. Nxd4 Nxd4 17. Rc1 Qb4 18. a3 Qc5 19. Ne4 Qe5 20. Bf4 Qf5 21. Rf1 Qg4 22. Qxg4 Bxg4 23. Be3 Nf5 24. Bd2 d5 25. Nf2 c6 26. Nxg4 Rae8 27. Rxf5 Re2 28. Rf2 Ree8 29. Re1 Rd8 30. Bb4 Rfe8 31. Rxe8+ Rxe8 32. Kf1 f5 33. Ne3 g6 34. Re2 d4 35. Nc4 Rxe2 36. Kxe2 Kf7 37. Bc5 Ke6 38. Bxd4 b5 39. Ne3 Kd6 40. b3 c5 41. Bg7 h5 42. Bf8+ Ke5 43. Bxc5 g5 44. d4+ Ke6 45. d5+ Ke5 46. d6 f4 47. gxf4+ Kxf4 48. d7 g4 49. d8=Q h4 50. Qf6# 1-0

[Event "1st FIDE OWCCCC Pools-East 2021"]
[Site "Online"]
[Date "2021.02.19"]
[Round "3.25"]
[White "Kanarkiewicz, Michal"]
[Black "Kazakouski, Valery"]
[Result "1/2-1/2"]
[WhiteElo "2096"]
[BlackElo "2476"]
[Annotator "TA"]
[PlyCount "83"]
[EventDate "2021.02.19"]
[EventType "team-tourn"]
[EventCountry "NET"]
[SourceTitle "playchess.com"]
[Source "ChessBase"]
[SourceQuality "1"]

1. e4 c5 2. b3 Nc6 3. Bb2 d6 4. Bb5 Bd7 5. f4 Nf6 6. Nc3 a6 7. Bxc6 Bxc6 8. d3 e6 9. Nf3 Be7 10. O-O O-O 11. Qe2 b5 12. Rae1 Qa5 13. a3 Rac8 14. e5 Nd5 15. Nxd5 Bxd5 16. c4 bxc4 17. dxc4 Ba8 18. exd6 Bxd6 19. Ne5 Rcd8 20. Rd1 Qc7 21. Qg4 f6 22. Qxe6+ Kh8 23. Ng6+ hxg6 24. Rd3 Qf7 25. Rxd6 Qxe6 26. Rxe6 Rd2 27. Rf2 Rd1+ 28. Rf1 Rfd8 29. Rxd1 Rxd1+ 30. Kf2 Rd2+ 31. Re2 Rxe2+ 32. Kxe2 Bxg2 33. Bc3 Be4 34. Kd2 Kg8 35. Ba5 Kf7 36. Bb6 Ke6 37. Bxc5 Kf5 38. Ke3 Bc2 39. b4 Bb3 40. Bf8 Bxc4 41. Bxg7 Bb5 42. Bh8 1/2-1/2

[Event "1st FIDE OWCCCC Pools-East 2021"]
[Site "Online"]
[Date "2021.02.19"]
[Round "3.25"]
[White "Maes, Tibo"]
[Black "Kishorekumar, V.."]
[Result "1-0"]
[WhiteElo "1904"]
[BlackElo "1831"]
[Annotator "TA"]
[PlyCount "95"]
[EventDate "2021.02.19"]
[EventType "team-tourn"]
[EventCountry "NET"]
[SourceTitle "playchess.com"]
[Source "ChessBase"]
[SourceQuality "1"]

1. Nf3 d5 2. g3 c5 3. Bg2 Nc6 4. d3 Bf5 5. O-O e6 6. Nbd2 Nf6 7. Re1 d4 8. Nf1 Qc7 9. e3 Be7 10. h3 O-O 11. Nh4 Bg6 12. Nxg6 hxg6 13. e4 e5 14. h4 Qd7 15. Nh2 Nh5 16. Bf3 Nf6 17. Kg2 Ne8 18. h5 gxh5 19. Bxh5 g6 20. Bg4 f5 21. Bh3 Ng7 22. Bh6 Qd8 23. Bxg7 Kxg7 24. exf5 gxf5 25. Qh5 Qe8 26. Qf3 Qg6 27. Rh1 e4 28. dxe4 fxe4 29. Qb3 Qf6 30. Raf1 b6 31. Qd5 Qe5 32. Qxc6 d3 33. cxd3 exd3 34. Re1 Qxb2 35. Rxe7+ Rf7 36. Rxf7+ Kxf7 37. Qd5+ Kg7 38. Qxd3 Qxa2 39. Nf3 Rf8 40. Qd7+ Rf7 41. Qg4+ Kf8 42. Qc8+ Kg7 43. Be6 Qe2 44. Bxf7 Kxf7 45. Rh7+ Kf6 46. Qc6+ Kf5 47. Nh4+ Kg5 48. Rg7+ 1-0

[Event "1st FIDE OWCCCC Pools-East 2021"]
[Site "Online"]
[Date "2021.02.19"]
[Round "3.26"]
[White "Kavaleuski, Stanislau"]
[Black "Maciaszek, Michal"]
[Result "1-0"]
[WhiteElo "2315"]
[BlackElo "1080"]
[Annotator "TA"]
[PlyCount "33"]
[EventDate "2021.02.19"]
[EventType "team-tourn"]
[EventCountry "NET"]
[SourceTitle "playchess.com"]
[Source "ChessBase"]
[SourceQuality "1"]

1. c4 e6 2. e4 h6 3. Nc3 a6 4. g3 c6 5. Bg2 Nf6 6. e5 Nh7 7. d4 Qa5 8. Nf3 b5 9. c5 b4 10. Ne4 f5 11. exf6 Nxf6 12. Ne5 Nd5 13. Qh5+ Ke7 14. Nd6 b3+ 15. Bd2 Qxa2 16. Qe8+ Kf6 17. Qf7# 1-0

[Event "1st FIDE OWCCCC Pools-East 2021"]
[Site "Online"]
[Date "2021.02.19"]
[Round "3.26"]
[White "Rudresh G Naik"]
[Black "Pugazhendhi, Praveenkumar"]
[Result "1/2-1/2"]
[WhiteElo "1425"]
[BlackElo "1813"]
[Annotator "NA RC"]
[PlyCount "73"]
[EventDate "2021.02.19"]
[EventType "team-tourn"]
[EventCountry "NET"]
[SourceTitle "playchess.com"]
[Source "ChessBase"]
[SourceQuality "1"]

1. d4 d5 2. c4 e6 3. Nc3 Nf6 4. Nf3 c6 5. Bg5 Be7 6. e3 Nbd7 7. cxd5 exd5 8. Bd3 O-O 9. O-O Re8 10. Re1 Nf8 11. Bxf6 Bxf6 12. e4 dxe4 13. Nxe4 Bg4 14. h3 Bxf3 15. Qxf3 Qxd4 16. Rad1 Qe5 17. Nd6 Qxe1+ 18. Rxe1 Rxe1+ 19. Bf1 Rd8 20. Nc4 Rdd1 21. Ne3 Rc1 22. Kh2 Bd4 23. Nf5 Be5+ 24. Ng3 Bxg3+ 25. Kxg3 Rxf1 26. Qb3 h6 27. a4 b6 28. Qd3 a5 29. Qb3 Nd7 30. Qd3 Rfd1 31. Qe2 Nf6 32. Qa6 Nd5 33. Qc8+ Kh7 34. Qf5+ Kg8 35. Qc8+ Kh7 36. Qf5+ Kg8 37. Qc8+ 1/2-1/2

[Event "1st FIDE OWCCCC Pools-East 2021"]
[Site "Online"]
[Date "2021.02.19"]
[Round "3.26"]
[White "Serin, Aleksandr"]
[Black "Monev, Dejan"]
[Result "0-1"]
[WhiteElo "1422"]
[BlackElo "1636"]
[Annotator "NA RC"]
[PlyCount "72"]
[EventDate "2021.02.19"]
[EventType "team-tourn"]
[EventCountry "NET"]
[SourceTitle "playchess.com"]
[Source "ChessBase"]
[SourceQuality "1"]

1. d4 d5 2. Nf3 Nf6 3. c4 c6 4. e3 Bf5 5. Nc3 e6 6. Be2 Bb4 7. O-O O-O 8. Bd2 Nbd7 9. Rc1 dxc4 10. Bxc4 Nb6 11. Be2 Bd6 12. h3 Nbd5 13. a3 Ne4 14. Nxe4 Bxe4 15. Ne1 Qg5 16. Bf3 Bxf3 17. Nxf3 Qe7 18. Qc2 Rfc8 19. b4 a5 20. bxa5 Bxa3 21. Rb1 Bb4 22. Bxb4 Nxb4 23. Qb3 Nd5 24. Qxb7 Qxb7 25. Rxb7 Rxa5 26. Ne5 f6 27. Nf3 c5 28. dxc5 Raxc5 29. Rfb1 Rc1+ 30. Rxc1 Rxc1+ 31. Kh2 Rf1 32. Kg3 e5 33. Rd7 Nc3 34. Rd2 Ne4+ 35. Kh2 Rxf2 36. Rxf2 Nxf2 0-1

[Event "1st FIDE OWCCCC Pools-East 2021"]
[Site "Online"]
[Date "2021.02.19"]
[Round "3.27"]
[White "Ramesh, Shanmugasundaram"]
[Black "Vadhani, Nikitesh"]
[Result "1-0"]
[WhiteElo "1970"]
[BlackElo "1608"]
[Annotator "TA"]
[PlyCount "159"]
[EventDate "2021.02.19"]
[EventType "team-tourn"]
[EventCountry "NET"]
[SourceTitle "playchess.com"]
[Source "ChessBase"]
[SourceQuality "1"]

1. e4 c5 2. Nf3 e6 3. d4 cxd4 4. Nxd4 Nf6 5. Nc3 Nc6 6. Be3 a6 7. Bd3 e5 8. Nf5 d5 9. exd5 Nxd5 10. Nxd5 Qxd5 11. f3 Nd4 12. Nxd4 exd4 13. Bxd4 Be6 14. Be4 Qa5+ 15. c3 Be7 16. Bxb7 Rd8 17. Bc6+ Bd7 18. Bxd7+ Rxd7 19. Qe2 O-O 20. O-O Bc5 21. Bxc5 Qxc5+ 22. Qf2 Qd5 23. Rfe1 Rfd8 24. Re2 h6 25. b3 Qa5 26. Qe3 Rd3 27. Qe5 Qxe5 28. Rxe5 Rxc3 29. Re2 a5 30. Kf2 a4 31. bxa4 Ra3 32. Re4 Rd2+ 33. Kg3 g5 34. h4 Rd5 35. hxg5 Rxg5+ 36. Rg4 Rxa4 37. Rxg5+ hxg5 38. a3 Kf8 39. Kf2 f6 40. Ke3 Kf7 41. Kd3 g4 42. fxg4 Rxg4 43. Ra2 Ra4 44. Kc3 Ke7 45. Kb3 Ra6 46. a4 Kd7 47. Kb4 Re6 48. Rc2 Re3 49. a5 Re1 50. Kb5 Rb1+ 51. Ka6 Rb8 52. Ka7 Rb5 53. a6 f5 54. Ka8 Ra5 55. Ka7 Rb5 56. Ka8 Kd6 57. Rc8 Rb2 58. g3 Rg2 59. a7 Rxg3 60. Kb7 Rg7+ 61. Kb6 Rxa7 62. Kxa7 Kd5 63. Rf8 Ke4 64. Kb6 f4 65. Kc5 f3 66. Kc4 Ke3 67. Kc3 Ke2 68. Re8+ Kf2 69. Kd2 Kg3 70. Ke3 f2 71. Rg8+ Kh4 72. Kxf2 Kh5 73. Kf3 Kh4 74. Rg1 Kh5 75. Kf4 Kh6 76. Kf5 Kh7 77. Kf6 Kh8 78. Rh1+ Kg8 79. Rh2 Kf8 80. Rh8# 1-0

[Event "1st FIDE OWCCCC Pools-East 2021"]
[Site "Online"]
[Date "2021.02.19"]
[Round "3.27"]
[White "Nikolovska, Dragana"]
[Black "Arzamastsev, Artur"]
[Result "1-0"]
[WhiteElo "1877"]
[BlackElo "2128"]
[Annotator "TA"]
[PlyCount "61"]
[EventDate "2021.02.19"]
[EventType "team-tourn"]
[EventCountry "NET"]
[SourceTitle "playchess.com"]
[Source "ChessBase"]
[SourceQuality "1"]

1. e4 c6 2. d4 d5 3. exd5 cxd5 4. Bd3 Nc6 5. c3 Nf6 6. h3 g6 7. Nf3 Bf5 8. Bxf5 gxf5 9. O-O e6 10. Qe2 Qc7 11. Ne5 Bd6 12. Bf4 O-O-O 13. Na3 a6 14. b4 Bxe5 15. dxe5 Ne4 16. Qb2 f6 17. b5 Nxe5 18. Bxe5 fxe5 19. bxa6 bxa6 20. Rab1 Nxc3 21. Rbc1 d4 22. Nb1 Kd7 23. Nxc3 dxc3 24. Rxc3 Qb8 25. Rb3 Qd6 26. Qe2 Ke7 27. Rb7+ Rd7 28. Rxd7+ Qxd7 29. Qxe5 Rf8 30. Rc1 Rc8 31. Qg7+ 1-0

[Event "1st FIDE OWCCCC Pools-East 2021"]
[Site "Online"]
[Date "2021.02.19"]
[Round "3.27"]
[White "papasmerf"]
[Black "Minald, Andrey"]
[Result "0-1"]
[WhiteElo "1777"]
[BlackElo "2091"]
[Annotator "TA"]
[PlyCount "72"]
[EventDate "2021.02.19"]
[EventType "team-tourn"]
[EventCountry "NET"]
[SourceTitle "playchess.com"]
[Source "ChessBase"]
[SourceQuality "1"]

1. d4 f5 2. Bg5 g6 3. e3 Bg7 4. c4 Nf6 5. Nc3 b6 6. Nf3 Bb7 7. Bd3 e6 8. O-O O-O 9. Qe2 h6 10. Bxf6 Qxf6 11. e4 Nc6 12. e5 Qf7 13. Rad1 Rfe8 14. Rfe1 g5 15. Bb1 a6 16. a3 Rad8 17. b4 Ne7 18. Qd3 Ng6 19. g3 Kh7 20. Nd2 c5 21. Nf3 cxd4 22. Nxd4 Nxe5 23. Qe2 Ng6 24. c5 bxc5 25. bxc5 Rc8 26. Na4 Bd5 27. Qe3 Bf8 28. Nb6 Bxc5 29. Nxc8 Rxc8 30. Qd2 Bxd4 31. Qxd4 Bc6 32. Qd6 Qe7 33. Bxf5 Qxd6 34. Bxg6+ Kxg6 35. Rxd6 Kf6 36. Red1 a5 0-1

[Event "1st FIDE OWCCCC Pools-East 2021"]
[Site "Online"]
[Date "2021.02.19"]
[Round "3.27"]
[White "Evaliae"]
[Black "Athirai, S."]
[Result "0-1"]
[WhiteElo "318"]
[BlackElo "1899"]
[Annotator "NA RC"]
[PlyCount "74"]
[EventDate "2021.02.19"]
[EventType "team-tourn"]
[EventCountry "NET"]
[SourceTitle "playchess.com"]
[Source "ChessBase"]
[SourceQuality "1"]

1. e4 c5 2. Nc3 d6 3. Bb5+ Bd7 4. Nf3 Nf6 5. O-O e6 6. d4 Bxb5 7. Nxb5 Nxe4 8. Bg5 Nxg5 9. Nxg5 a6 10. Nc3 Qxg5 11. Ne4 Qd5 12. Qd3 Qxd4 13. Qxd4 cxd4 14. Nxd6+ Bxd6 15. Rad1 Nc6 16. c3 Bc5 17. b4 Bb6 18. cxd4 Bxd4 19. a4 Rd8 20. b5 axb5 21. axb5 Ne5 22. g3 Ke7 23. Kg2 Bc5 24. Rde1 Nd3 25. Rd1 Nxf2 26. Rxf2 Rxd1 27. h4 Bxf2 28. Kxf2 Rhd8 29. b6 R8d4 30. Kg2 Rb1 31. Kh3 Rb3 32. h5 f5 33. h6 gxh6 34. Kh2 Rdd3 35. Kh3 Rxg3+ 36. Kh2 Rg4 37. Kh1 Rh3# 0-1

[Event "1st FIDE OWCCCC Pools-East 2021"]
[Site "Online"]
[Date "2021.02.19"]
[Round "3.28"]
[White "Bannikova, Anastasiya"]
[Black "Taskovski, Gjorgi"]
[Result "1-0"]
[WhiteElo "2339"]
[BlackElo "1574"]
[Annotator "TA"]
[PlyCount "81"]
[EventDate "2021.02.19"]
[EventType "team-tourn"]
[EventCountry "NET"]
[SourceTitle "playchess.com"]
[Source "ChessBase"]
[SourceQuality "1"]

1. c4 Nf6 2. Nc3 g6 3. g3 Bg7 4. Bg2 O-O 5. e4 e5 6. d3 d6 7. Nge2 Bg4 8. h3 Be6 9. O-O c6 10. f4 Qc7 11. Be3 a5 12. Qd2 Na6 13. f5 Bd7 14. g4 Rab8 15. Ng3 Nc5 16. g5 Ne8 17. f6 Bh8 18. d4 exd4 19. Bxd4 Ne6 20. Bf2 Nxg5 21. Qxg5 Bxf6 22. Qd2 Be5 23. Nge2 Qc8 24. Qd3 Ng7 25. Bd4 Nh5 26. Rad1 Be6 27. b3 Qc7 28. Na4 b5 29. cxb5 cxb5 30. Nac3 b4 31. Nd5 Bxd5 32. exd5 Bxd4+ 33. Nxd4 Qb6 34. Kh2 Rbc8 35. Nc6 f5 36. Ne7+ Kf7 37. Nxc8 Rxc8 38. Rxf5+ gxf5 39. Qxf5+ Nf6 40. Qxc8 Qe3 41. Qe6+ 1-0